Statistics for Double Trouble - USA States 2

Click here to take the quiz!

General Stats

  • This quiz has been taken 93 times
  • The average score is 19 of 20

Answer Stats

HintSTATES% Correct
Mississippi
99%
West Virginia
99%
Wyoming
99%
Arkansas
98%
ridaoklah / floomaFlorida
98%
rolinaginia / westvirnorthcaNorth Carolina
98%
Iowa
97%
ioio / waohOhio
97%
California
95%
Indiana
95%
sippimin / nesotamissisMinnesota
95%
mingnewme / wyoxicoNew Mexico
95%
Oklahoma
95%
skaarka / alansasAlaska
94%
Georgia
93%
Kansas
93%
raskakan / sasnebNebraska
93%
ahoge / orgiaidIdaho
91%
ianaland / indrhodeisRhode Island
91%
adacalif / ornianevNevada
90%

Score Distribution

Percentile by Number Answered

Percent of People with Each Score

Your Score History

You have not taken this quiz